Vine a descobrir el Palau Güell
Descripción Física:
1 punt de llibre : il. col. ; 23 x 6 cm
Idioma:
Catalán
MARC
| LEADER | 00000nrm a2200000 a 4500 | ||
|---|---|---|---|
| 001 | 25280 | ||
| 003 | Arxiu | ||
| 005 | 20260324180729.0 | ||
| 008 | 220422b spa||||| |||| 00| 0 cat d | ||
| 017 | |a DL B 26702-2019 | ||
| 110 | 2 | |a Palau Güell (Barcelona) |9 17034 | |
| 245 | |a Vine a descobrir el Palau Güell | ||
| 260 | |a Barcelona : |b Palau Güell, |c 2019 | ||
| 300 | |a 1 punt de llibre : |b il. col. ; |c 23 x 6 cm | ||
| 610 | 2 | 0 | |a Palau Güell (Barcelona) |9 17034 |
| 655 | 0 | |a Punts de llibre |9 52700 | |
| 942 | |2 udc |c ARXIU |n 1 | ||
| 952 | |0 0 |1 0 |4 0 |6 NBM1319 |7 1 |9 61349 |a Arxiu |b Arxiu |d 2022-04-22 |l 0 |o NBM-13-19 |p 25280 |r 2022-04-22 00:00:00 |w 2022-04-22 |y ARXIU | ||
| 999 | |c 81310 |d 81310 | ||